000 00583nam a2200205Ia 4500
003 IN-BaIIA
008 211028s9999 xx 000 0 eng d
020 _a0-444-82796-X
040 _cIIA Library
080 _a047.1:535
_bPRO-37
245 0 _aProgress in optics
_bvol. 37
_cedited by Wolf, E.
260 _aAmsterdam
_bElsevier
_c1997
300 _axi, 441p.
650 _aAstronomical optics
_92030
650 _aOptical properties
_93730
650 _aOptics
650 _aPhysics
_973
700 _aWolf, E ed.
_93849
942 _cBK
999 _c12457
_d12457